000 004900000a22001930004500
003 LK-CoMWRAF
005 20230928093713.0
008 230817t ||||| |||| 00| 0 eng d
020 _a0704332035
040 _aLK-CoMWRAF
_dLK-CoMWRAF
_eLK-CoMWRAF
041 _aeng
082 _a297.63
_bAZZ
100 _a'Azzam, 'Abd-al-Rahman
245 _aThe Eternal massage to Muhammad
260 _aLondon :
_bQuarlet books,
_c1979
300 _a297p
650 _aIslam--Muhammad
942 _cBK
999 _c1364
_d1364